Vite in Prestito

Salvato in:
Dettagli Bibliografici
Autore principale: Catellani, Grazia
Natura: Libro
Lingua:inglese
Pubblicazione: Pav Edizioni 2021
Serie:Collana Storie di Vita
Tags: Aggiungi Tag
Nessun Tag, puoi essere il primo ad aggiungerne!!

MARC

LEADER 00000nam a2200000 4500
005 20240319212709.0
008 240319b |||||||| |||| 00| 0 eng d
020 |a 9791259731562 
040 |c C 
100 |a Catellani, Grazia 
245 |a Vite in Prestito 
260 |b Pav Edizioni  |c 2021 
830 |a Collana Storie di Vita 
942 |2 ddc  |n 0  |c BK 
952 |0 0  |1 0  |2 ddc  |4 0  |6 853_920000000000000_CAT_VIT  |7 1  |9 1051  |a GE  |b GE  |d 2024-03-19  |l 0  |o 853.92 CAT VIT  |p 1267  |r 2024-03-19 21:27:34  |w 2024-03-19  |y BK 
999 |c 952  |d 952